Movie Cryptogram Quiz Stats

 Plays Quiz Updated Mar 13, 2012

Challenge
Share
Tweet
Embed
Score 0/14 Timer 08:00
0 Plays Today
Cryptogram Movie % Correct
HKUp
86.9%
JG. PMDr. No
74.5%
O SC RXTXPJI Am Legend
64.9%
OGMP CSPIron Man
63.8%
ZOZSPOYTitanic
63.4%
JMHEZDoubt
57.6%
LMGGXIZ THCKForrest Gump
55.5%
Cryptogram Movie % Correct
ZAX PMZXEMMFThe Notebook
54.9%
CSGQ KMKKOPIMary Poppins
52.1%
ZAX EMHGPX HRZOCSZHCThe Bourne Ultimatum
51%
ZGSPILMGCXGITransformers
50.9%
YSISERSPYSCasablanca
49.1%
BHGSIIOY KSGFJurassic Park
45.1%
BSDIJaws
42.1%

You're not logged in!

Compare scores with friends on all Sporcle quizzes.
Join for Free
OR
Log In

You Might Also Like...

Show Comments

Extras

Top Quizzes Today


Score Distribution

Your Account Isn't Verified!

In order to create a playlist on Sporcle, you need to verify the email address you used during registration. Go to your Sporcle Settings to finish the process.

Report this User

Report this user for behavior that violates our Community Guidelines.

Details: